000 00439nam a2200181Ia 4500
001 18773
005 20260306171655.0
008 260306s9999||||xx |||||||||||||| ||und||
041 _aESP
082 _a658.5
_bE79
100 _aEscudero Serrano, María José
_eAUT
245 0 _aLogística de almacenamiento
260 _c2014
300 _ax, 371 páginas :
_c27 cm.
650 _aGEN
654 _aCAN
942 _cLIB
_dJUS
_fJUS
_2ddc
_n
999 _c18773
_d18773